02152nab a22002777a 4500999001500000003000400015005001700019008004100036040000700077100002800084245013400112260007300246300001400319500004400333505101100377505008901388650002201477650003501499650003201534650002901566650003201595650005101627650004101678773014201719942001301861 c5340d5340OSt20250223230916.0190603e xxum|||| |||| 00| 0 spa d cPJ 96386aPapa, Rodolfo G. 10aAspectos jurídicos, contractuales y regulatorios de actualidad en el tratamiento del fideicomiso societario /cRodolfo G. Papa. cCiudad Autónoma de Buenos Aires :aThomson Reuters La Ley, b2023. ap. 85-104 aCita Online: TR LALEY AR/DOC/2647/2023. a Sumario: I. Aproximación introductoria. El fideicomiso societario ante la nueva Codificación.— II. El fiduciario ante la ejecución de un fideicomiso societario. Extensión en el ejercicio de sus facultades fiduciarias.— III. Etapas y principales aspectos jurídicos sustantivos que conforman el iter en la constitución de un fideicomiso societario.— IV. La registración del contrato de fideicomiso societario ante el "Registro Público". Su alcance y efectos. Su tratamiento regulatorio actual en el ámbito de la Ciudad Autónoma de Buenos Aires. La competencia registral asumida por la Inspección General de Justicia (IGJ) al amparo de la RG 6/2016 (luego modificada por la RG 33/2020).— V. Los posibles usos de un fideicomiso societario como vehículo o "instrumentalidad".— VI. La adecuación de las previsiones contractuales del fideicomiso societario a la nueva Codificación unificada.— VII. El fideicomiso societario con fines de garantía.— VIII. Conclusiones.  t¿Te interesa el texto completo? Solicitalo al correo: koha@justierradelfuego.gov.ar 091590aFIDEICOMISO 091497aCODIGO CIVIL Y COMERCIAL 09646aSOCIEDADES COMERCIALES 096384aDOMINIO FIDUCIARIO 091608aINSCRIPCION REGISTRAL 095756aPARTICIPACIÓN DE UNA SOCIEDAD EN OTRA  091727aINSPECCION GENERAL DE JUSTICIA0 0271393170dCiudad Autónoma de Buenos Aires : Thomson Reuters La Ley, 2015-tRevista Código Civil y Comercial. Nº 6 - Diciembre 2023 2udccANA